000 00752pam a2200229 a 4500
001 3941747
005 20180312095803.0
008 930416s1994 nyua b 001 0 eng
010 _a 93015950
020 _a0070669929 (acidfree paper)
040 _aDLC
_cDLC
_dDLC
041 _aeng
080 _a612 ART
082 0 0 _a612 ART
_220
100 1 _a6
101 _aANA
245 1 0 _aHuman physiology :
_cArthur J. Vander, James H. Sherman, Dorothy S. Luciano.
504 _aIncludes bibliographical references and index.
906 _a7
_bcbc
_corignew
_d1
_eocip
_f19
_gy-gencatlg
942 _2ddc
_cBK
999 _c44788
_d44788